|
|
|
|
| LEADER |
01143nam a2200361 a 4500 |
| 001 |
000546232 |
| 003 |
CZ BrMZK |
| 005 |
20080226131644.0 |
| 007 |
ta |
| 008 |
000115s2000 xr f 000 0 cze d |
| 015 |
|
|
|a cnb000983068
|
| 020 |
|
|
|a 80-7254-151-X
|
| 035 |
|
|
|a (OCoLC)50009797
|
| 040 |
|
|
|a BOA001
|b cze
|
| 072 |
|
7 |
|a 616
|x Patologie. Klinická medicína
|2 Konspekt
|9 14
|
| 080 |
|
|
|a 615.33
|2 MRF
|
| 080 |
|
|
|a 616-022.6/.7
|2 MRF
|
| 080 |
|
|
|a 616.9
|2 MRF
|
| 080 |
|
|
|a (048.8)
|2 MRF
|
| 100 |
1 |
|
|a Kolář, Milan,
|d 1964-
|7 jn20010310083
|4 aut
|
| 245 |
1 |
0 |
|a Antibiotická léčba nozokomiálních infekcí /
|c Milan Kolář
|
| 250 |
|
|
|a Vyd. 1.
|
| 260 |
|
|
|a Praha :
|b Triton,
|c 2000
|
| 300 |
|
|
|a 181 s. ;
|c 16 cm
|
| 490 |
1 |
|
|a Levou zadní ;
|v sv. 57
|
| 650 |
0 |
7 |
|a antibiotika
|7 ph118480
|2 czenas
|
| 650 |
0 |
7 |
|a nozokomiální infekce
|7 ph123359
|2 czenas
|
| 650 |
0 |
7 |
|a infekční nemoci
|7 ph114765
|2 czenas
|
| 655 |
|
7 |
|a monografie
|7 fd132842
|2 czenas
|
| 830 |
|
0 |
|a Levou zadní
|0 s
|
| 910 |
|
|
|a BOA001
|b 1-1081.011
|
| 990 |
|
|
|a BK
|
| 996 |
6 |
|
|b 2610127576
|c 1-1081.011
|l MZK
|r Sklad / do 1 hodiny
|n 5
|p p.v.
|w 000546232
|u 000010
|a 1
|e BOA001
|j MZK50
|s P
|